Normal view
MARC view
- Aquatic Toxicology And Risk Assessment:, Thirteenth Volume
Entry Personal Name
001 - CONTROL NUMBER
- control field: 64287
003 - CONTROL NUMBER IDENTIFIER
- control field: NUST
005 - DATE AND TIME OF LATEST TRANSACTION
- control field: 20210628203241.0
008 - FIXED-LENGTH DATA ELEMENTS
- fixed length control field: 210628|| aca||aabn | a|a d
040 ## - CATALOGING SOURCE
- Original cataloging agency: NUST
- Transcribing agency: NUST
100 ## - HEADING--PERSONAL NAME
- Personal name: Aquatic Toxicology And Risk Assessment:, Thirteenth Volume
670 ## - SOURCE DATA FOUND
- Source citation: Work cat.: (NUST): Aquatic Toxicology And Risk Assessment:, Thirteenth Volume, Mayes, m.a, barron, m.g, 1991
